30 80's Songs Everyone Knows - Statistics

General Stats
  • This quiz has been taken 134 times
  • The average score is 17 of 30
Answer Stats
Year Artist Song % Correct
1982 Toto Africa
86%
1984 a-ha Take on Me
84%
1983 Michael Jackson Billie Jean
81%
1982 Survivor Eye of the Tiger
81%
1987 Rick Astley Never Gonna Give You Up
79%
1983 Michael Jackson Beat It
74%
1981 Journey Don't Stop Believin'
71%
1984 Madonna Like a Virgin
71%
1984 Van Halen Jump
70%
1986 Bon Jovi Livin' on a Prayer
69%
1987 Guns N' Roses Sweet Child O' Mine
69%
1983 The Police Every Breath You Take
64%
1984 Wham! Wake Me Up Before You Go-Go
61%
1981 Queen & David Bowie Under Pressure
60%
1984 Wham! ft. George Michael Careless Whisper
58%
1981 Men at Work Down Under
56%
1983 Cyndi Lauper Girls Just Want to Have Fun
56%
1987 Whitney Houston I Wanna Dance With Somebody
56%
1983 Culture Club Karma Chameleon
55%
1981 Olivia Newton-John Physical
54%
1987 Def Leppard Pour Some Sugar on Me
53%
1987 Guns N' Roses Welcome to the Jungle
44%
1984 Prince When Doves Cry
42%
1982 Joan Jett and the Blackhearts I Love Rock 'n Roll
41%
1987 Whitesnake Here I Go Again
35%
1986 Peter Gabriel Sledgehammer
33%
1984 Scorpions Rock You Like a Hurricane
31%
1984 Billy Idol Rebel Yell
30%
1987 Heart Alone
28%
1980 AC/DC You Shook Me All Night Long
24%
No matching quizzes found
Score Distribution
Percent of People with Each Score
Percentile by Number Answered
Your Score History
You have not taken this quiz